{"text_format":"1","workbook":"xlsx","n_sheets":2,"sheets":["Pasiūlymas","Subtiekėjai"],"not_rendered":{"charts":0,"images":0,"macros":1,"external_links":0,"defined_names":0,"comments":0,"pivot_tables":0},"unopened":[],"bounds":{"document_bytes":16777216,"sheet_cells":100000,"rows_first":2000,"rows_last":500,"rows_between":2000,"halvings":0,"cell_chars":16384,"cell_head_chars":4096},"cells_cut":0,"cells_raw":0,"read":"whole","date_system":"1900"}

{"sheet":"Pasiūlymas","index":0,"n_rows":214,"n_cols":13,"rows_kept":214,"cut":false,"hidden":false,"merged":[[25,0,25,4],[18,0,18,1],[18,2,18,4],[19,0,19,1],[19,2,19,4],[22,0,22,5],[15,2,15,4],[16,0,16,1],[16,2,16,4],[17,0,17,1],[17,2,17,4],[28,1,28,7],[65,1,65,7],[178,1,178,7],[9,0,9,1],[9,2,9,4],[10,0,10,1],[10,2,10,4],[11,0,11,1],[11,2,11,4],[12,0,12,1],[12,2,12,4],[13,0,13,1],[13,2,13,4],[14,0,14,1],[14,2,14,4],[15,0,15,1]]}
["Organizacija, kuriai teikiamas pasiūlymas:",null,"VŠĮ Kauno klinikinė ligoninė"]
[]
[null,"PASIŪLYMAS"]
[null,"Maisto produktų pirkimas"]
[]
["Data:","2020-08-12"]
["Nr.:",1]
["Vieta:","Mažeikiai"]
[]
["Tiekėjo pavadinimas / Ūkio subjektų grupės nariai",null,"UAB „Grūstė“"]
["Tiekėjo kodas (-ai)",null,166576122]
["Tiekėjo adresas (-ai)",null,"Naftininkų g. 38-2, Mažeikiai"]
["Tiekėjo PVM mokėtojo kodas (-ai)",null,"LT665761219"]
["Tiekėjo / Ūkio subjektų grupės atsakingo partnerio sąskaitos numeris, banko pavadinimas ir banko kodas (-ai)",null,"bankas AB SEB a. s. LT427044060000014862, banko kodas 70440"]
["Asmens atsakingo už pasiūlymą vardas, pavardė",null,"Viešųjų pirkimų projektų vadovė Akvilė Bučytė"]
["Asmens atsakingo už pasiūlymą telefono numeris, el. pašto adresas",null,"370 663 70073, akvile@gruste.lt"]
["Tiekėjo / Ūkio subjektų grupės, laimėjimo atveju, pasirašančio sutartį asmens vardas, pavardė, pareigos",null,"Prekybos direktorius Aurelijus Virkutis"]
["Tiekėjo / Ūkio subjektų grupės, laimėjimo atveju, už sutarties vykdymą atsakingo asmens vardas, pavardė, telefono numeris, elektroninio pašto adresas",null,"Viešųjų pirkimų projektų vadovė Akvilė Bučytė"]
["Tiekėjo / Ūkio subjektų grupės kolegialaus priežiūros organo (Stebėtojų tarybos) ir (ar) kolegialaus valdymo organo (Valdybos) narių sąrašas (jei sudaryta)"]
[]
[]
["Tiekėjo patvirtinimai:\t\t\t\t\t"]
["1. Šiuo pasiūlymu pažymime, kad sutinkame su visomis pirkimo sąlygomis, nustatytomis:\n1.1. viešojo pirkimo dokumentuose;\n1.2. kituose pirkimo dokumentuose (jų paaiškinimuose, papildymuose).\n2. Pasiūlymas galioja iki termino, nustatyto pirkimo dokumentuose."]
[]
["Tiekėjo siūloma kaina:"]
["* Tais atvejais, kai pagal galiojančius teisės aktus tiekėjui nereikia mokėti PVM, teikėjas privalo su pasiūlymu pateikti laisvos formos raštą dėl PVM netaikymo pagrindo.\t"]
[]
["Nr.","Pavadinimas","Maksimalus kiekis","Mato vienetas","Kaina be PVM, Eur","Suma be PVM, Eur","Siūlomi produktai","Siūlomo produkto parametrai",null,null,"","",""]
["1.","Mėsa (kiauliena)"]
["1.1.","Kiaulienos kumpis",20000,"kg",3.08,{"$f":"IF(ISBLANK(E30),\"\", PRODUCT(C30,E30))","v":61600},"Kiaulienos kumpis",null,null,""]
["1.1.1.","Maisto produktas turi atitikti Lietuvos Respublikos sveikatos apsaugos ministro įsakymo \"Dėl pacientų maitinimo organizavimo asmens sveikatos priežiūros įstaigose tvarkos aprašo\" 2019-08-20 Nr. V-1000 reikalavimus ir aktualias redakcijas",null,null,null,null,null,"Maisto produktas atitinka Lietuvos Respublikos sveikatos apsaugos ministro įsakymo \"Dėl pacientų maitinimo organizavimo asmens sveikatos priežiūros įstaigose tvarkos aprašo\" 2019-08-20 Nr. V-1000 reikalavimus ir aktualias redakcijas"]
["1.1.2.","Atvesinta iki 0-4 laipsnių",null,null,null,null,null,"Atvėsinta iki 0-4 laipsnių"]
["1.1.3.","riebalo storis 1-1,5 cm",null,null,null,null,null,"riebalo storis 1-1,5 cm",null,""]
["1.1.4.","be sumušimų, kraujosruvų",null,null,null,null,null,"be sumušimų, kraujosruvų",null,null,null,""]
["1.1.5.","specifinio nepašvinkusios žalios kiaulienos kvapo",null,null,null,null,null,"specifinio nepašvinkusios žalios kiaulienos kvapo",null,null,null,""]
["1.1.6.","mėsa neapdžiuvusi",null,null,null,null,null,"mėsa neapdžiūvusi",null,"","",""]
["1.1.7.","tiekiama gražinamuose konteineriuose - plastikinėse E2 standarto dėžėse ar kitoje specialioje taroje",null,null,null,null,null,"tiekiama grąžinamuose konteineriuose - plastikinėse E2 standarto dėžėse ar kitoje specialioje taroje",null,"","",""]
["1.1.8.","Produktai turi būti ženklinti nurodant: pavadinimą, kiekį, gamintoją, adresą, telefono numerį, pagaminimo datą, tinkamumą vartoti iki (nurodant datą), 100g maistinę ir energetinę vertę, laikymo sąlygas",null,null,null,null,null,"Produktai ženklinti nurodant: pavadinimą, kiekį, gamintoją, adresą, telefono numerį, pagaminimo datą, tinkamumą vartoti iki (nurodant datą), 100g maistinę ir energetinę vertę, laikymo sąlygas",null,"","",""]
["1.1.9.","vakuuminėje pakuotėje",null,null,null,null,null,"vakuuminėje pakuotėje"]
["1.1.10.","pilnai išgyslintas, iškaulintas, nusausintas",null,null,null,null,null,"pilnai išgyslintas, iškaulintas, nusausintas"]
["1.1.11.","be odos, kaulų",null,null,null,null,null,"be odos, kaulų",null,""]
["1.2.","Šoninė be kaulo",10000,"kg",3.4,{"$f":"IF(ISBLANK(E42),\"\", PRODUCT(C42,E42))","v":34000},"Kiaulienos šoninė be kaulo"]
["1.2.1.","Maisto produktas turi atitikti Lietuvos Respublikos sveikatos apsaugos ministro įsakymo \"Dėl pacientų maitinimo organizavimo asmens sveikatos priežiūros įstaigose tvarkos aprašo\" 2019-08-20 Nr. V-1000 reikalavimus ir aktualias redakcijas",null,null,null,null,null,"Maisto produktas atitinka Lietuvos Respublikos sveikatos apsaugos ministro įsakymo \"Dėl pacientų maitinimo organizavimo asmens sveikatos priežiūros įstaigose tvarkos aprašo\" 2019-08-20 Nr. V-1000 reikalavimus ir aktualias redakcijas",null,null,null,""]
["1.2.2.","Atvesinta iki 0-4 laipsnių",null,null,null,null,null,"Atvėsinta iki 0-4 laipsnių",null,"",null,""]
["1.2.3.","be sumušimų, kraujosruvų",null,null,null,null,null,"be sumušimų, kraujosruvų",null,null,null,""]
["1.2.4.","lašinys nepageltęs, be oksidacijos požymių",null,null,null,null,null,"lašinys nepageltęs, be oksidacijos požymių"]
["1.2.5.","specifinio nepašvinkusios žalios kiaulienos kvapo",null,null,null,null,null,"specifinio nepašvinkusios žalios kiaulienos kvapo",null,"","",""]
["1.2.6.","mėsa neapdžiuvusi",null,null,null,null,null,"mėsa neapdžiūvusi",null,"","",""]
["1.2.7.","tiekiama gražinamuose konteineriuose - plastikinėse E2 standarto dėžėse ar kitoje specialioje taroje",null,null,null,null,null,"tiekiama grąžinamuose konteineriuose - plastikinėse E2 standarto dėžėse ar kitoje specialioje taroje",null,"","",""]
["1.2.8.","Produktai turi būti ženklinti nurodant: pavadinimą, kiekį, gamintoją, adresą, telefono numerį, pagaminimo datą, tinkamumą vartoti iki (nurodant datą), 100g maistinę ir energetinę vertę, laikymo sąlygas",null,null,null,null,null,"Produktai ženklinti nurodant: pavadinimą, kiekį, gamintoją, adresą, telefono numerį, pagaminimo datą, tinkamumą vartoti iki (nurodant datą), 100g maistinę ir energetinę vertę, laikymo sąlygas"]
["1.2.9.","riebalo ne daugiau kaip 50 %",null,null,null,null,null,"riebalo ne daugiau kaip 50 %"]
["1.3.","Kotletinė",15000,"kg",2.7,{"$f":"IF(ISBLANK(E52),\"\", PRODUCT(C52,E52))","v":40500},"Kiaulienos kotletinė"]
["1.3.1.","Maisto produktas turi atitikti Lietuvos Respublikos sveikatos apsaugos ministro įsakymo \"Dėl pacientų maitinimo organizavimo asmens sveikatos priežiūros įstaigose tvarkos aprašo\" 2019-08-20 Nr. V-1000 reikalavimus ir aktualias redakcijas",null,null,null,null,null,"Maisto produktas atitinka Lietuvos Respublikos sveikatos apsaugos ministro įsakymo \"Dėl pacientų maitinimo organizavimo asmens sveikatos priežiūros įstaigose tvarkos aprašo\" 2019-08-20 Nr. V-1000 reikalavimus ir aktualias redakcijas"]
["1.3.2.","Atvesinta iki 0-4 laipsnių",null,null,null,null,null,"Atvėsinta iki 0-4 laipsnių"]
["1.3.3.","be sumušimų, kraujosruvų",null,null,null,null,null,"be sumušimų, kraujosruvų"]
["1.3.4.","lašinys nepageltęs, be oksidacijos požymių",null,null,null,null,null,"lašinys nepageltęs, be oksidacijos požymių"]
["1.3.5.","specifinio nepašvinkusios žalios kiaulienos kvapo",null,null,null,null,null,"specifinio nepašvinkusios žalios kiaulienos kvapo"]
["1.3.6.","mėsa neapdžiuvusi",null,null,null,null,null,"mėsa neapdžiūvusi"]
["1.3.7.","tiekiama gražinamuose konteineriuose - plastikinėse E2 standarto dėžėse ar kitoje specialioje taroje",null,null,null,null,null,"tiekiama grąžinamuose konteineriuose - plastikinėse E2 standarto dėžėse ar kitoje specialioje taroje"]
["1.3.8.","Produktai turi būti ženklinti nurodant: pavadinimą, kiekį, gamintoją, adresą, telefono numerį, pagaminimo datą, tinkamumą vartoti iki (nurodant datą), 100g maistinę ir energetinę vertę, laikymo sąlygas",null,null,null,null,null,"Produktai ženklinti nurodant: pavadinimą, kiekį, gamintoją, adresą, telefono numerį, pagaminimo datą, tinkamumą vartoti iki (nurodant datą), 100g maistinę ir energetinę vertę, laikymo sąlygas"]
["1.3.9.","riebalo ne daugiau 15%",null,null,null,null,null,"riebalo ne daugiau 15 %"]
[null,null,null,null,"Suma be PVM",{"$f":"IF((COUNT(C30:C61)<>COUNT(F30:F61)),\"\", SUM(F30:F61))","v":136100},{"$f":"IF((COUNT(C30:C61)<>COUNT(F30:F61)),\"Neužpildytos visų objektų kainos\", \"\")","v":""}]
[null,null,null,null,"PVM suma",28581]
[null,null,null,null,"Suma su PVM",{"$f":"IF(ISBLANK(F63), \"\", SUM(F62:F63))","v":164681}]
[]
["2.","Grūdų malimo produktai"]
["2.1.","Miltai",5000,"kg",0.35,{"$f":"IF(ISBLANK(E67),\"\", PRODUCT(C67,E67))","v":1750},"Kvietiniai miltai Daina"]
["2.1.1.","Maisto produktas turi atitikti Lietuvos Respublikos sveikatos apsaugos ministro įsakymo \"Dėl pacientų maitinimo organizavimo asmens sveikatos priežiūros įstaigose tvarkos aprašo\" 2019-08-20 Nr. V-1000 reikalavimus ir aktualias redakcijas",null,null,null,null,null,"Maisto produktas atitinka Lietuvos Respublikos sveikatos apsaugos ministro įsakymo \"Dėl pacientų maitinimo organizavimo asmens sveikatos priežiūros įstaigose tvarkos aprašo\" 2019-08-20 Nr. V-1000 reikalavimus ir aktualias redakcijas"]
["2.1.2.","aukščiausios rūšies",null,null,null,null,null,"aukščiausios rūšies"]
["2.1.3.","paruošti iš sveikų, nesudygusių, nesuplėkusių kviečių",null,null,null,null,null,"paruošti iš sveikų, nesudygusių, nesuplėkusių kviečių"]
["2.1.4.","be pašaliniųkvapų, kenkėjų, be pašalinio skonio",null,null,null,null,null,"be pašalinių kvapų, kenkėjų, be pašalinio skonio"]
["2.1.5.","fasuoti po 1-2 kg",null,null,null,null,null,"fasuoti po 2 kg"]
["2.1.6.","550D",null,null,null,null,null,"550D"]
["2.1.7.","Produktai turi būti ženklinti nurodant: pavadinimą, kiekį, gamintoją, adresą, telefono numerį, pagaminimo datą, tinkamumą vartoti iki (nurodant datą), 100g maistinę ir energetinę vertę, laikymo sąlygas",null,null,null,null,null,"Produktai ženklinti nurodant: pavadinimą, kiekį, gamintoją, adresą, telefono numerį, pagaminimo datą, tinkamumą vartoti iki (nurodant datą), 100g maistinę ir energetinę vertę, laikymo sąlygas"]
["2.2.","Miežinės kruopos",5000,"kg",0.36,{"$f":"IF(ISBLANK(E75),\"\", PRODUCT(C75,E75))","v":1800},"Miežinės kruopos Fasma"]
["2.2.1.","Maisto produktas turi atitikti Lietuvos Respublikos sveikatos apsaugos ministro įsakymo \"Dėl pacientų maitinimo organizavimo asmens sveikatos priežiūros įstaigose tvarkos aprašo\" 2019-08-20 Nr. V-1000 reikalavimus ir aktualias redakcijas",null,null,null,null,null,"Maisto produktas atitinka Lietuvos Respublikos sveikatos apsaugos ministro įsakymo \"Dėl pacientų maitinimo organizavimo asmens sveikatos priežiūros įstaigose tvarkos aprašo\" 2019-08-20 Nr. V-1000 reikalavimus ir aktualias redakcijas"]
["2.2.2.","pagaminta iš geros kokybės grūdų",null,null,null,null,null,"pagaminta iš geros kokybės grūdų"]
["2.2.3.","be priemaišų, pašalinių kvapų, kenkėjų",null,null,null,null,null,"be priemaišų, pašalinių kvapų, kenkėjų "]
["2.2.4.","fasuota po 1-5 kg",null,null,null,null,null,"fasuota po 5 kg"]
["2.2.5.","Produktai turi būti ženklinti nurodant: pavadinimą, kiekį, gamintoją, adresą, telefono numerį, pagaminimo datą, tinkamumą vartoti iki (nurodant datą), 100g maistinę ir energetinę vertę, laikymo sąlygas",null,null,null,null,null,"Produktai ženklinti nurodant: pavadinimą, kiekį, gamintoją, adresą, telefono numerį, pagaminimo datą, tinkamumą vartoti iki (nurodant datą), 100g maistinę ir energetinę vertę, laikymo sąlygas"]
["2.3.","Kvietinės kruopos",5000,"kg",0.36,{"$f":"IF(ISBLANK(E81),\"\", PRODUCT(C81,E81))","v":1800},"Kvietinės kruopos Fasma"]
["2.3.1.","Maisto produktas turi atitikti Lietuvos Respublikos sveikatos apsaugos ministro įsakymo \"Dėl pacientų maitinimo organizavimo asmens sveikatos priežiūros įstaigose tvarkos aprašo\" 2019-08-20 Nr. V-1000 reikalavimus ir aktualias redakcijas",null,null,null,null,null,"Maisto produktas atitinka Lietuvos Respublikos sveikatos apsaugos ministro įsakymo \"Dėl pacientų maitinimo organizavimo asmens sveikatos priežiūros įstaigose tvarkos aprašo\" 2019-08-20 Nr. V-1000 reikalavimus ir aktualias redakcijas"]
["2.3.2.","pagaminta iš geros kokybės grūdų",null,null,null,null,null,"pagaminta iš geros kokybės grūdų"]
["2.3.3.","be priemaišų, pašalinių kvapų, kenkėjų",null,null,null,null,null,"be priemaišų, pašalinių kvapų, kenkėjų"]
["2.3.4.","fasuota po 1-5 kg",null,null,null,null,null,"fasuota po 5 kg"]
["2.3.5.","Produktai turi būti ženklinti nurodant: pavadinimą, kiekį, gamintoją, adresą, telefono numerį, pagaminimo datą, tinkamumą vartoti iki (nurodant datą), 100g maistinę ir energetinę vertę, laikymo sąlygas",null,null,null,null,null,"Produktai ženklinti nurodant: pavadinimą, kiekį, gamintoją, adresą, telefono numerį, pagaminimo datą, tinkamumą vartoti iki (nurodant datą), 100g maistinę ir energetinę vertę, laikymo sąlygas"]
["2.4.","Perlinės kruopos",5000,"kg",0.36,{"$f":"IF(ISBLANK(E87),\"\", PRODUCT(C87,E87))","v":1800},"Perlinės kruopos Fasma"]
["2.4.1.","Maisto produktas turi atitikti Lietuvos Respublikos sveikatos apsaugos ministro įsakymo \"Dėl pacientų maitinimo organizavimo asmens sveikatos priežiūros įstaigose tvarkos aprašo\" 2019-08-20 Nr. V-1000 reikalavimus ir aktualias redakcijas",null,null,null,null,null,"Maisto produktas atitinka Lietuvos Respublikos sveikatos apsaugos ministro įsakymo \"Dėl pacientų maitinimo organizavimo asmens sveikatos priežiūros įstaigose tvarkos aprašo\" 2019-08-20 Nr. V-1000 reikalavimus ir aktualias redakcijas"]
["2.4.2.","pagaminta iš geros kokybės grūdų",null,null,null,null,null,"pagaminta iš geros kokybės grūdų"]
["2.4.3.","be priemaišų, pašalinių kvapų, kenkėjų",null,null,null,null,null,"be priemaišų, pašalinių kvapų, kenkėjų"]
["2.4.4.","fasuota po 1-5 kg",null,null,null,null,null,"fasuota po 5 kg"]
["2.4.5.","Produktai turi būti ženklinti nurodant: pavadinimą, kiekį, gamintoją, adresą, telefono numerį, pagaminimo datą, tinkamumą vartoti iki (nurodant datą), 100g maistinę ir energetinę vertę, laikymo sąlygas",null,null,null,null,null,"Produktai ženklinti nurodant: pavadinimą, kiekį, gamintoją, adresą, telefono numerį, pagaminimo datą, tinkamumą vartoti iki (nurodant datą), 100g maistinę ir energetinę vertę, laikymo sąlygas"]
["2.5.","Manų kruopos",6000,"kg",0.45,{"$f":"IF(ISBLANK(E93),\"\", PRODUCT(C93,E93))","v":2700},"Manų kruopos Fasma"]
["2.5.1.","Maisto produktas turi atitikti Lietuvos Respublikos sveikatos apsaugos ministro įsakymo \"Dėl pacientų maitinimo organizavimo asmens sveikatos priežiūros įstaigose tvarkos aprašo\" 2019-08-20 Nr. V-1000 reikalavimus ir aktualias redakcijas",null,null,null,null,null,"Maisto produktas atitinka Lietuvos Respublikos sveikatos apsaugos ministro įsakymo \"Dėl pacientų maitinimo organizavimo asmens sveikatos priežiūros įstaigose tvarkos aprašo\" 2019-08-20 Nr. V-1000 reikalavimus ir aktualias redakcijas"]
["2.5.2.","pagaminta iš geros kokybės grūdų",null,null,null,null,null,"pagaminta iš geros kokybės grūdų"]
["2.5.3.","be priemaišų, pašalinių kvapų, kenkėjų",null,null,null,null,null,"be priemaišų, pašalinių kvapų, kenkėjų"]
["2.5.4.","fasuota po 1-5 kg",null,null,null,null,null,"fasuota po 5 kg"]
["2.5.5.","sausos, nesulipę",null,null,null,null,null,"sausos, nesulipę"]
["2.5.6.","Produktai turi būti ženklinti nurodant: pavadinimą, kiekį, gamintoją, adresą, telefono numerį, pagaminimo datą, tinkamumą vartoti iki (nurodant datą), 100g maistinę ir energetinę vertę, laikymo sąlygas",null,null,null,null,null,"Produktai ženklinti nurodant: pavadinimą, kiekį, gamintoją, adresą, telefono numerį, pagaminimo datą, tinkamumą vartoti iki (nurodant datą), 100g maistinę ir energetinę vertę, laikymo sąlygas"]
["2.6.","Grikiai",8000,"kg",0.97,{"$f":"IF(ISBLANK(E100),\"\", PRODUCT(C100,E100))","v":7760},"Grikių kruopos Fasma"]
["2.6.1.","Maisto produktas turi atitikti Lietuvos Respublikos sveikatos apsaugos ministro įsakymo \"Dėl pacientų maitinimo organizavimo asmens sveikatos priežiūros įstaigose tvarkos aprašo\" 2019-08-20 Nr. V-1000 reikalavimus ir aktualias redakcijas",null,null,null,null,null,"Maisto produktas atitinka Lietuvos Respublikos sveikatos apsaugos ministro įsakymo \"Dėl pacientų maitinimo organizavimo asmens sveikatos priežiūros įstaigose tvarkos aprašo\" 2019-08-20 Nr. V-1000 reikalavimus ir aktualias redakcijas"]
["2.6.2.","geros kokybės",null,null,null,null,null,"geros kokybės"]
["2.6.3.","be priemaišų, pašalinių kvapų, kenkėjų",null,null,null,null,null,"be priemaišų, pašalinių kvapų, kenkėjų"]
["2.6.4.","fasuota po 1-5 kg",null,null,null,null,null,"fasuota po 5 kg"]
["2.6.5.","smulkūs",null,null,null,null,null,"smulkūs"]
["2.6.6.","Produktai turi būti ženklinti nurodant: pavadinimą, kiekį, gamintoją, adresą, telefono numerį, pagaminimo datą, tinkamumą vartoti iki (nurodant datą), 100g maistinę ir energetinę vertę, laikymo sąlygas",null,null,null,null,null,"Produktai ženklinti nurodant: pavadinimą, kiekį, gamintoją, adresą, telefono numerį, pagaminimo datą, tinkamumą vartoti iki (nurodant datą), 100g maistinę ir energetinę vertę, laikymo sąlygas"]
["2.7.","Avižiniai dribsniai",5000,"kg",0.56000000000000005,{"$f":"IF(ISBLANK(E107),\"\", PRODUCT(C107,E107))","v":2800.0000000000005},"Avižiniai dribsniai Fasma"]
["2.7.1.","Maisto produktas turi atitikti Lietuvos Respublikos sveikatos apsaugos ministro įsakymo \"Dėl pacientų maitinimo organizavimo asmens sveikatos priežiūros įstaigose tvarkos aprašo\" 2019-08-20 Nr. V-1000 reikalavimus ir aktualias redakcijas",null,null,null,null,null,"Maisto produktas atitinka Lietuvos Respublikos sveikatos apsaugos ministro įsakymo \"Dėl pacientų maitinimo organizavimo asmens sveikatos priežiūros įstaigose tvarkos aprašo\" 2019-08-20 Nr. V-1000 reikalavimus ir aktualias redakcijas"]
["2.7.2.","pagaminta iš geros kokybės grūdų",null,null,null,null,null,"pagaminta iš geros kokybės grūdų"]
["2.7.3.","be priemaišų, pašalinių kvapų, kenkėjų",null,null,null,null,null,"be priemaišų, pašalinių kvapų, kenkėjų"]
["2.7.4.","fasuota po 1-5 kg",null,null,null,null,null,"fasuota po 5 kg"]
["2.7.5.","vidutinio stambumo",null,null,null,null,null,"vidutinio stambumo"]
["2.7.6.","Produktai turi būti ženklinti nurodant: pavadinimą, kiekį, gamintoją, adresą, telefono numerį, pagaminimo datą, tinkamumą vartoti iki (nurodant datą), 100g maistinę ir energetinę vertę, laikymo sąlygas",null,null,null,null,null,"Produktai ženklinti nurodant: pavadinimą, kiekį, gamintoją, adresą, telefono numerį, pagaminimo datą, tinkamumą vartoti iki (nurodant datą), 100g maistinę ir energetinę vertę, laikymo sąlygas"]
["2.8.","Trijų grūdų dribsniai",2000,"kg",0.6,{"$f":"IF(ISBLANK(E114),\"\", PRODUCT(C114,E114))","v":1200},"Trijų grūdų dribsniai Fasma"]
["2.8.1.","Maisto produktas turi atitikti Lietuvos Respublikos sveikatos apsaugos ministro įsakymo \"Dėl pacientų maitinimo organizavimo asmens sveikatos priežiūros įstaigose tvarkos aprašo\" 2019-08-20 Nr. V-1000 reikalavimus ir aktualias redakcijas",null,null,null,null,null,"Maisto produktas atitinka Lietuvos Respublikos sveikatos apsaugos ministro įsakymo \"Dėl pacientų maitinimo organizavimo asmens sveikatos priežiūros įstaigose tvarkos aprašo\" 2019-08-20 Nr. V-1000 reikalavimus ir aktualias redakcijas"]
["2.8.2.","pagaminta iš geros kokybės grūdų",null,null,null,null,null,"pagaminta iš geros kokybės grūdų"]
["2.8.3.","be priemaišų, pašalinių kvapų, kenkėjų",null,null,null,null,null,"be priemaišų, pašalinių kvapų, kenkėjų"]
["2.8.4.","fasuota po 1-5 kg",null,null,null,null,null,"fasuota po 5 kg"]
["2.8.5.","vidutinio stambumo",null,null,null,null,null,"vidutinio stambumo"]
["2.8.6.","Produktai turi būti ženklinti nurodant: pavadinimą, kiekį, gamintoją, adresą, telefono numerį, pagaminimo datą, tinkamumą vartoti iki (nurodant datą), 100g maistinę ir energetinę vertę, laikymo sąlygas",null,null,null,null,null,"Produktai ženklinti nurodant: pavadinimą, kiekį, gamintoją, adresą, telefono numerį, pagaminimo datą, tinkamumą vartoti iki (nurodant datą), 100g maistinę ir energetinę vertę, laikymo sąlygas"]
["2.9.","Ryžiai",10000,"kg",0.72,{"$f":"IF(ISBLANK(E121),\"\", PRODUCT(C121,E121))","v":7200},"Ilgagrūdžiai ryžiai Fasma"]
["2.9.1.","Maisto produktas turi atitikti Lietuvos Respublikos sveikatos apsaugos ministro įsakymo \"Dėl pacientų maitinimo organizavimo asmens sveikatos priežiūros įstaigose tvarkos aprašo\" 2019-08-20 Nr. V-1000 reikalavimus ir aktualias redakcijas",null,null,null,null,null,"Maisto produktas atitinka Lietuvos Respublikos sveikatos apsaugos ministro įsakymo \"Dėl pacientų maitinimo organizavimo asmens sveikatos priežiūros įstaigose tvarkos aprašo\" 2019-08-20 Nr. V-1000 reikalavimus ir aktualias redakcijas"]
["2.9.2.","geros kokybės",null,null,null,null,null,"geros kokybės"]
["2.9.3.","be priemaišų, pašalinių kvapų, kenkėjų",null,null,null,null,null,"be priemaišų, pašalinių kvapų, kenkėjų"]
["2.9.4.","fasuota po 1-5 kg",null,null,null,null,null,"fasuota po 5 kg"]
["2.9.5.","vidutinio stambumo, neskaldyti, šlifuoti ilgagrūdžiai ryžiai",null,null,null,null,null,"vidutinio stambumo, neskaldyti, šlifuoti ilgagrūdžiai ryžiai"]
["2.9.6.","šviesios spalvos",null,null,null,null,null,"šviesios spalvos"]
["2.9.7.","Produktai turi būti ženklinti nurodant: pavadinimą, kiekį, gamintoją, adresą, telefono numerį, pagaminimo datą, tinkamumą vartoti iki (nurodant datą), 100g maistinę ir energetinę vertę, laikymo sąlygas",null,null,null,null,null,"Produktai ženklinti nurodant: pavadinimą, kiekį, gamintoją, adresą, telefono numerį, pagaminimo datą, tinkamumą vartoti iki (nurodant datą), 100g maistinę ir energetinę vertę, laikymo sąlygas"]
["2.10.","Sorų kruopos",2000,"kg",1.07,{"$f":"IF(ISBLANK(E129),\"\", PRODUCT(C129,E129))","v":2140},"Sorų kruopos Skanėja"]
["2.10.1.","Maisto produktas turi atitikti Lietuvos Respublikos sveikatos apsaugos ministro įsakymo \"Dėl pacientų maitinimo organizavimo asmens sveikatos priežiūros įstaigose tvarkos aprašo\" 2019-08-20 Nr. V-1000 reikalavimus ir aktualias redakcijas",null,null,null,null,null,"Maisto produktas atitinka Lietuvos Respublikos sveikatos apsaugos ministro įsakymo \"Dėl pacientų maitinimo organizavimo asmens sveikatos priežiūros įstaigose tvarkos aprašo\" 2019-08-20 Nr. V-1000 reikalavimus ir aktualias redakcijas"]
["2.10.2.","pagaminta iš geros kokybės grūdų",null,null,null,null,null,"pagaminta iš geros kokybės grūdų"]
["2.10.3.","be priemaišų, pašalinių kvapų, kenkėjų",null,null,null,null,null,"be priemaišų, pašalinių kvapų, kenkėjų"]
["2.10.4.","fasuota po 1-5 kg",null,null,null,null,null,"fasuota po 5 kg"]
["2.10.5.","Produktai turi būti ženklinti nurodant: pavadinimą, kiekį, gamintoją, adresą, telefono numerį, pagaminimo datą, tinkamumą vartoti iki (nurodant datą), 100g maistinę ir energetinę vertę, laikymo sąlygas",null,null,null,null,null,"Produktai ženklinti nurodant: pavadinimą, kiekį, gamintoją, adresą, telefono numerį, pagaminimo datą, tinkamumą vartoti iki (nurodant datą), 100g maistinę ir energetinę vertę, laikymo sąlygas"]
["2.11.","Kukurūzų kruopos",500,"kg",0.6,{"$f":"IF(ISBLANK(E135),\"\", PRODUCT(C135,E135))","v":300},"Kukurūzų kruopos "]
["2.11.1.","Maisto produktas turi atitikti Lietuvos Respublikos sveikatos apsaugos ministro įsakymo \"Dėl pacientų maitinimo organizavimo asmens sveikatos priežiūros įstaigose tvarkos aprašo\" 2019-08-20 Nr. V-1000 reikalavimus ir aktualias redakcijas",null,null,null,null,null,"Maisto produktas atitinka Lietuvos Respublikos sveikatos apsaugos ministro įsakymo \"Dėl pacientų maitinimo organizavimo asmens sveikatos priežiūros įstaigose tvarkos aprašo\" 2019-08-20 Nr. V-1000 reikalavimus ir aktualias redakcijas"]
["2.11.2.","pagaminta iš geros kokybės grūdų",null,null,null,null,null,"pagaminta iš geros kokybės grūdų"]
["2.11.3.","be priemaišų, pašalinių kvapų, kenkėjų",null,null,null,null,null,"be priemaišų, pašalinių kvapų, kenkėjų"]
["2.11.4.","fasuota po 1-5 kg",null,null,null,null,null,"fasuota po 5 kg"]
["2.11.5.","smulkaus malimo",null,null,null,null,null,"smulkaus malimo"]
["2.11.6.","sausi, nesulipę",null,null,null,null,null,"sausi, nesulipę"]
["2.11.7.","Produktai turi būti ženklinti nurodant: pavadinimą, kiekį, gamintoją, adresą, telefono numerį, pagaminimo datą, tinkamumą vartoti iki (nurodant datą), 100g maistinę ir energetinę vertę, laikymo sąlygas",null,null,null,null,null,"Produktai ženklinti nurodant: pavadinimą, kiekį, gamintoją, adresą, telefono numerį, pagaminimo datą, tinkamumą vartoti iki (nurodant datą), 100g maistinę ir energetinę vertę, laikymo sąlygas"]
["2.12.","Makaronai",2000,"kg",0.74,{"$f":"IF(ISBLANK(E143),\"\", PRODUCT(C143,E143))","v":1480},"Makaronai Gintariniai su kiaušiniais"]
["2.12.1.","Maisto produktas turi atitikti Lietuvos Respublikos sveikatos apsaugos ministro įsakymo \"Dėl pacientų maitinimo organizavimo asmens sveikatos priežiūros įstaigose tvarkos aprašo\" 2019-08-20 Nr. V-1000 reikalavimus ir aktualias redakcijas",null,null,null,null,null,"Maisto produktas atitinka Lietuvos Respublikos sveikatos apsaugos ministro įsakymo \"Dėl pacientų maitinimo organizavimo asmens sveikatos priežiūros įstaigose tvarkos aprašo\" 2019-08-20 Nr. V-1000 reikalavimus ir aktualias redakcijas"]
["2.12.2.","Trumpieji",null,null,null,null,null,"trumpieji"]
["2.12.3.","su kiaušiniu",null,null,null,null,null,"su kiaušiniu"]
["2.12.4.","pagaminti iš aukščiausios rūšies miltų",null,null,null,null,null,"pagaminti iš aukščiausios rūšies miltų"]
["2.12.5.","Produktai turi būti ženklinti nurodant: pavadinimą, kiekį, gaminio sudėtį, gamintoją, adresą, telefono numerį, pagaminimo datą, tinkamumą vartoti iki (nurodant datą), 100g maistinę ir energetinę vertę, laikymo sąlygas",null,null,null,null,null,"Produktai ženklinti nurodant: pavadinimą, kiekį, gamintoją, adresą, telefono numerį, pagaminimo datą, tinkamumą vartoti iki (nurodant datą), 100g maistinę ir energetinę vertę, laikymo sąlygas"]
["2.13.","Pilno grūdo makaronai",3000,"kg",0.85,{"$f":"IF(ISBLANK(E149),\"\", PRODUCT(C149,E149))","v":2550},"Pilno grūdo makaronai Dobele"]
["2.13.1.","Maisto produktas turi atitikti Lietuvos Respublikos sveikatos apsaugos ministro įsakymo \"Dėl pacientų maitinimo organizavimo asmens sveikatos priežiūros įstaigose tvarkos aprašo\" 2019-08-20 Nr. V-1000 reikalavimus ir aktualias redakcijas",null,null,null,null,null,"Maisto produktas atitinka Lietuvos Respublikos sveikatos apsaugos ministro įsakymo \"Dėl pacientų maitinimo organizavimo asmens sveikatos priežiūros įstaigose tvarkos aprašo\" 2019-08-20 Nr. V-1000 reikalavimus ir aktualias redakcijas"]
["2.13.2.","Trumpieji",null,null,null,null,null,"trumpieji"]
["2.13.3.","be kiaušinio",null,null,null,null,null,"be kiaušinio"]
["2.13.4.","pagaminti iš aukščiausios rūšies pilno  grūdo kvietinių miltų",null,null,null,null,null,"pagaminti iš aukščiausios rūšies miltų"]
["2.13.5.","Produktai turi būti ženklinti nurodant: pavadinimą, kiekį, gaminio sudėtį, gamintoją, adresą, telefono numerį, pagaminimo datą, tinkamumą vartoti iki (nurodant datą), 100g maistinę ir energetinę vertę, laikymo sąlygas",null,null,null,null,null,"Produktai ženklinti nurodant: pavadinimą, kiekį, gamintoją, adresą, telefono numerį, pagaminimo datą, tinkamumą vartoti iki (nurodant datą), 100g maistinę ir energetinę vertę, laikymo sąlygas"]
["2.14.","Žirniai",4000,"kg",0.45,{"$f":"IF(ISBLANK(E155),\"\", PRODUCT(C155,E155))","v":1800},"Žirniai Fasma"]
["2.14.1.","Maisto produktas turi atitikti Lietuvos Respublikos sveikatos apsaugos ministro įsakymo \"Dėl pacientų maitinimo organizavimo asmens sveikatos priežiūros įstaigose tvarkos aprašo\" 2019-08-20 Nr. V-1000 reikalavimus ir aktualias redakcijas",null,null,null,null,null,"Maisto produktas atitinka Lietuvos Respublikos sveikatos apsaugos ministro įsakymo \"Dėl pacientų maitinimo organizavimo asmens sveikatos priežiūros įstaigose tvarkos aprašo\" 2019-08-20 Nr. V-1000 reikalavimus ir aktualias redakcijas"]
["2.14.2.","Poliruoti, skaldyti",null,null,null,null,null,"poliruoti, skaldyti"]
["2.14.3.","nepažeisti kenkėjų",null,null,null,null,null,"nepažeisti kenkėjų"]
["2.14.4.","be priemaišų, pašalinio kvapo ir skonio",null,null,null,null,null,"be priemaišų, pašalinio kvapo ir skonio"]
["2.14.5.","fasuoti po 0,5-2 kg",null,null,null,null,null,"fasuoti po 0,8 kg"]
["2.14.6.","Produktai turi būti ženklinti nurodant: pavadinimą, kiekį, gamintoją, adresą, telefono numerį, pagaminimo datą, tinkamumą vartoti iki (nurodant datą), 100g maistinę ir energetinę vertę, laikymo sąlygas",null,null,null,null,null,"Produktai ženklinti nurodant: pavadinimą, kiekį, gamintoją, adresą, telefono numerį, pagaminimo datą, tinkamumą vartoti iki (nurodant datą), 100g maistinę ir energetinę vertę, laikymo sąlygas"]
["2.15.","Žalieji lęšiai",2000,"kg",0.9,{"$f":"IF(ISBLANK(E162),\"\", PRODUCT(C162,E162))","v":1800},"Žalieji lęšiai Sezer"]
["2.15.1.","Maisto produktas turi atitikti Lietuvos Respublikos sveikatos apsaugos ministro įsakymo \"Dėl pacientų maitinimo organizavimo asmens sveikatos priežiūros įstaigose tvarkos aprašo\" 2019-08-20 Nr. V-1000 reikalavimus ir aktualias redakcijas",null,null,null,null,null,"Maisto produktas atitinka Lietuvos Respublikos sveikatos apsaugos ministro įsakymo \"Dėl pacientų maitinimo organizavimo asmens sveikatos priežiūros įstaigose tvarkos aprašo\" 2019-08-20 Nr. V-1000 reikalavimus ir aktualias redakcijas"]
["2.15.2.","nepažeisti kenkėjų",null,null,null,null,null,"nepažeisti kenkėjų"]
["2.15.3.","be priemaišų, pašalinio kvapo ir skonio",null,null,null,null,null,"be priemaišų, pašalinio kvapo ir skonio"]
["2.15.4.","fasuoti po 0,5-2 kg",null,null,null,null,null,"fasuoti po 0,9 kg"]
["2.15.5.","Produktai turi būti ženklinti nurodant: pavadinimą, kiekį, gamintoją, adresą, telefono numerį,  pagaminimo datą, tinkamumą vartoti iki (nurodant datą), 100g maistinę ir energetinę vertę, laikymo sąlygas",null,null,null,null,null,"Produktai ženklinti nurodant: pavadinimą, kiekį, gamintoją, adresą, telefono numerį, pagaminimo datą, tinkamumą vartoti iki (nurodant datą), 100g maistinę ir energetinę vertę, laikymo sąlygas"]
["2.16.","Pupelės",2000,"kg",1.22,{"$f":"IF(ISBLANK(E168),\"\", PRODUCT(C168,E168))","v":2440},"Baltos pupelės Essa"]
["2.16.1.","Maisto produktas turi atitikti Lietuvos Respublikos sveikatos apsaugos ministro įsakymo \"Dėl pacientų maitinimo organizavimo asmens sveikatos priežiūros įstaigose tvarkos aprašo\" 2019-08-20 Nr. V-1000 reikalavimus ir aktualias redakcijas",null,null,null,null,null,"Maisto produktas atitinka Lietuvos Respublikos sveikatos apsaugos ministro įsakymo \"Dėl pacientų maitinimo organizavimo asmens sveikatos priežiūros įstaigose tvarkos aprašo\" 2019-08-20 Nr. V-1000 reikalavimus ir aktualias redakcijas"]
["2.16.2.","baltosios",null,null,null,null,null,"baltosios "]
["2.16.3.","nepažeisti kenkėjų",null,null,null,null,null,"nepažeisti kenkėjų"]
["2.16.4.","be priemaišų, pašalinio kvapo ir skonio",null,null,null,null,null,"be priemaišų, pašalinio kvapo ir skonio"]
["2.16.5.","fasuoti po 0,5-2 kg",null,null,null,null,null,"fasuoti po 0,5 kg"]
["2.16.6.","Produktai turi būti ženklinti nurodant: pavadinimą, kiekį, gamintoją, adresą, telefono numerį,  pagaminimo datą, tinkamumą vartoti iki (nurodant datą), 100g maistinę ir energetinę vertę, laikymo sąlygas",null,null,null,null,null,"Produktai ženklinti nurodant: pavadinimą, kiekį, gamintoją, adresą, telefono numerį, pagaminimo datą, tinkamumą vartoti iki (nurodant datą), 100g maistinę ir energetinę vertę, laikymo sąlygas"]
[null,null,null,null,"Suma be PVM",{"$f":"IF((COUNT(C67:C174)<>COUNT(F67:F174)),\"\", SUM(F67:F174))","v":41320},{"$f":"IF((COUNT(C67:C174)<>COUNT(F67:F174)),\"Neužpildytos visų objektų kainos\", \"\")","v":""}]
[null,null,null,null,"PVM suma",8677.2000000000007]
[null,null,null,null,"Suma su PVM",{"$f":"IF(ISBLANK(F176), \"\", SUM(F175:F176))","v":49997.2}]
[]
["3.","Duona ir jos gaminiai"]
["3.1.","Tamsi duona",50000,"kg",0.41,{"$f":"IF(ISBLANK(E180),\"\", PRODUCT(C180,E180))","v":20500},"Tamsi duona Visiems"]
["3.1.1.","Maisto produktas turi atitikti Lietuvos Respublikos sveikatos apsaugos ministro įsakymo \"Dėl pacientų maitinimo organizavimo asmens sveikatos priežiūros įstaigose tvarkos aprašo\" 2019-08-20 Nr. V-1000 reikalavimus ir aktualias redakcijas",null,null,null,null,null,"Maisto produktas atitinka Lietuvos Respublikos sveikatos apsaugos ministro įsakymo \"Dėl pacientų maitinimo organizavimo asmens sveikatos priežiūros įstaigose tvarkos aprašo\" 2019-08-20 Nr. V-1000 reikalavimus ir aktualias redakcijas"]
["3.1.2.","pagaminta iš aukščiausios rūšies kvietinių ir ruginių miltų",null,null,null,null,null,"pagaminta iš aukščiausios rūšies kvietinių ir ruginių miltų"]
["3.1.3.","pluta neapdegusi",null,null,null,null,null,"pluta neapdegusi"]
["3.1.4.","raikyta",null,null,null,null,null,"raikyta"]
["3.1.5.","minkštimas ne drėgnas",null,null,null,null,null,"minkštimas ne drėgnas"]
["3.1.6.","supakuota polimeriniuose maišeliuose",null,null,null,null,null,"supakuota polimeriniuose maišeliuose"]
["3.1.7.","ovalios formos",null,null,null,null,null,"avalios formos"]
["3.1.8.","kepalo svoris 0,7-1 kg",null,null,null,null,null,"kepalo svoris 0,7 kg"]
["3.1.9.","Produktai turi būti ženklinti nurodant: pavadinimą, kiekį, gamintoją, adresą, telefono numerį, gaminio sudėtį, pagaminimo datą, tinkamumą vartoti iki (nurodant datą), 100g maistinę ir energetinę vertę, laikymo sąlygas",null,null,null,null,null,"Produktai ženklinti nurodant: pavadinimą, kiekį, gamintoją, adresą, telefono numerį, pagaminimo datą, tinkamumą vartoti iki (nurodant datą), 100g maistinę ir energetinę vertę, laikymo sąlygas"]
["3.2.","Duona su sėlenomis",20000,"kg",1.33,{"$f":"IF(ISBLANK(E190),\"\", PRODUCT(C190,E190))","v":26600},"Duona su sėlenomis"]
["3.2.1.","Maisto produktas turi atitikti Lietuvos Respublikos sveikatos apsaugos ministro įsakymo \"Dėl pacientų maitinimo organizavimo asmens sveikatos priežiūros įstaigose tvarkos aprašo\" 2019-08-20 Nr. V-1000 reikalavimus ir aktualias redakcijas",null,null,null,null,null,"Maisto produktas atitinka Lietuvos Respublikos sveikatos apsaugos ministro įsakymo \"Dėl pacientų maitinimo organizavimo asmens sveikatos priežiūros įstaigose tvarkos aprašo\" 2019-08-20 Nr. V-1000 reikalavimus ir aktualias redakcijas"]
["3.2.2.","sėlenų 50-55 %",null,null,null,null,null,"sėlenų 50 %"]
["3.2.3.","pagaminta iš aukščiausios rūšies kvietinių arba ruginių miltų",null,null,null,null,null,"pagaminta iš aukščiausios rūšies kvietinių arba ruginių miltų"]
["3.2.4.","pluta neapdegusi",null,null,null,null,null,"pluta neapdegusi "]
["3.2.5.","raikyta",null,null,null,null,null,"raikyta"]
["3.2.6.","minkštimas ne drėgnas",null,null,null,null,null,"minkštimas ne drėgnas"]
["3.2.7.","supakuota polimeriniuose maišeliuose",null,null,null,null,null,"supakuota polimeriniuose maišeliuose"]
["3.2.8.","ovalios formos",null,null,null,null,null,"ovalios formos"]
["3.2.9.","kepalo svoris 0,5-1 kg",null,null,null,null,null,"kepalo svoris 0,5 kg"]
["3.2.10.","Produktai turi būti ženklinti nurodant: pavadinimą, kiekį, gamintoją, adresą, telefono numerį, gaminio sudėtį, pagaminimo datą, tinkamumą vartoti iki (nurodant datą), 100g maistinę ir energetinę vertę, laikymo sąlygas",null,null,null,null,null,"Produktai ženklinti nurodant: pavadinimą, kiekį, gamintoją, adresą, telefono numerį, pagaminimo datą, tinkamumą vartoti iki (nurodant datą), 100g maistinę ir energetinę vertę, laikymo sąlygas"]
["3.3.","Batonas",50000,"kg",0.56000000000000005,{"$f":"IF(ISBLANK(E201),\"\", PRODUCT(C201,E201))","v":28000.000000000004},"Batonas Tradicinis"]
["3.3.1.","Maisto produktas turi atitikti Lietuvos Respublikos sveikatos apsaugos ministro įsakymo \"Dėl pacientų maitinimo organizavimo asmens sveikatos priežiūros įstaigose tvarkos aprašo\" 2019-08-20 Nr. V-1000 reikalavimus ir aktualias redakcijas",null,null,null,null,null,"Maisto produktas atitinka Lietuvos Respublikos sveikatos apsaugos ministro įsakymo \"Dėl pacientų maitinimo organizavimo asmens sveikatos priežiūros įstaigose tvarkos aprašo\" 2019-08-20 Nr. V-1000 reikalavimus ir aktualias redakcijas"]
["3.3.2.","iš aukščiausios rūšies kvietinių miltų",null,null,null,null,null,"iš aukščiausios rūšies kvietinių miltų"]
["3.3.3.","be pridėtinio cukraus",null,null,null,null,null,"be pridėtinio cukraus"]
["3.3.4.","pluta neapdegusi",null,null,null,null,null,"pluta neapdegusi"]
["3.3.5.","raikytas",null,null,null,null,null,"raikytas"]
["3.3.6.","minkštimas ne drėgnas",null,null,null,null,null,"minkštimas ne drėgnas"]
["3.3.7.","supakuotas polimeriniuose maišeliuose",null,null,null,null,null,"supakuotas polimeriniuose maišeliuose"]
["3.3.8.","ovalios formos",null,null,null,null,null,"ovalios formos"]
["3.3.9.","vieneto svoris 0,45-0,6 kg",null,null,null,null,null,"vieneto svoris 0,5 kg"]
["3.3.10.","Produktai turi būti ženklinti nurodant: pavadinimą, kiekį, gamintoją, adresą, telefono numerį, gaminio sudėtį, pagaminimo datą, tinkamumą vartoti iki (nurodant datą), 100g maistinę ir energetinę vertę, laikymo sąlygas",null,null,null,null,null,"Produktai ženklinti nurodant: pavadinimą, kiekį, gamintoją, adresą, telefono numerį, pagaminimo datą, tinkamumą vartoti iki (nurodant datą), 100g maistinę ir energetinę vertę, laikymo sąlygas"]
[null,null,null,null,"Suma be PVM",{"$f":"IF((COUNT(C180:C211)<>COUNT(F180:F211)),\"\", SUM(F180:F211))","v":75100},{"$f":"IF((COUNT(C180:C211)<>COUNT(F180:F211)),\"Neužpildytos visų objektų kainos\", \"\")","v":""}]
[null,null,null,null,"PVM suma",15771]
[null,null,null,null,"Suma su PVM",{"$f":"IF(ISBLANK(F213), \"\", SUM(F212:F213))","v":90871}]

{"sheet":"Subtiekėjai","index":1,"n_rows":100,"n_cols":9,"rows_kept":100,"cut":false,"hidden":false,"merged":[[31,0,31,3],[31,4,31,9],[21,0,21,9],[23,0,23,9],[16,1,16,6],[16,7,16,9],[17,1,17,6],[17,7,17,9],[18,1,18,6],[18,7,18,9],[19,1,19,6],[19,7,19,9],[24,0,24,9],[25,0,25,9],[28,0,28,3],[28,4,28,9],[15,1,15,6],[15,7,15,9],[7,0,7,1],[7,2,7,4],[7,5,7,7],[7,8,7,9],[8,0,8,1],[8,2,8,4],[8,5,8,7],[8,8,8,9],[10,0,10,9],[12,0,12,9],[14,1,14,6],[14,7,14,9],[5,0,5,1],[5,2,5,4],[5,5,5,7],[5,8,5,9],[6,0,6,1],[6,2,6,4],[6,5,6,7],[6,8,6,9],[4,0,4,1],[4,2,4,4],[4,5,4,7],[4,8,4,9],[1,0,1,9],[3,0,3,1],[3,2,3,4],[3,5,3,7],[3,8,3,9]]}
[]
["Sutarties vykdymui numatome pasitelkti šiuos subtiekėjus / subteikėjus / subrangovus:"]
[]
["Pavadinimas",null,"Kodas, adresas",null,null,"Perduodama veikla\t",null,null,"Perduodamos veiklos dalis nuo visos pirkimo sutarties "]
[]
[]
[]
[]
[]
[]
["Pildyti tuomet, jei pirkimo sutarties vykdymui bus pasitelkti subtiekėjai (subteikėjai). Jeigu tiekėjas nenurodo subtiekėjų (subteikėjų), laikoma, kad vykdant pirkimo sutartį jų nebus pasitelkiama. \n"]
[]
["Kartu su pasiūlymu pateikiami šie dokumentai:"]
[]
["Nr.","Dokumento pavadinimas\n",null,null,null,null,null,"Dokumentas yra konfidencialus? Taip/Ne"]
[]
[]
[]
[]
[]
[]
["Pasiūlyme nurodyta Prekės kaina, išskyrus jos sudedamąsias dalis, subtiekėjai, taip pat kita informacija, kuri teisės aktų nustatyta tvarka turi būti skelbiama arba kitokiu būdu viešai prieinama visuomenei, nėra laikoma konfidencialia informacija. Konfidencialią informaciją sudaro, visų pirma, komercinė (gamybinė) paslaptis ir konfidencialieji pasiūlymų aspektai. Informacija, kurią viešai skelbti įpareigoja Lietuvos Respublikos įstatymai, negali būti tiekėjo nurodoma kaip konfidenciali, todėl, tiekėjui nurodžius tokią informaciją kaip konfidencialią, perkančioji organizacija turi teisę ją skelbti. Jei tiekėjas nenurodo konfidencialios informacijos, laikoma, kad konfidencialios informacijos tiekėjo pasiūlyme nėra. Vadovaujantis Informacijos viešinimo Centrinėje viešųjų pirkimų informacinėje sistemoje tvarkos aprašu, patvirtintu Viešųjų pirkimų tarnybos direktoriaus 2017 m. birželio 19 d. įsakymu Nr. 1S-91 „Dėl Informacijos viešinimo Centrinėje viešųjų pirkimų informacinėje sistemoje tvarkos aprašo patvirtinimo“, perkančioji organizacija laimėjusio dalyvio pasiūlymą, išskyrus informaciją, kurią tiekėjas nurodė kaip konfidencialią, paskelbs CVP IS."]
[]
["Pasiūlymo galiojimo užtikrinimui pateikiame (jei taikoma):"]
[]
["(Nurodyti užtikrinimo būdą, dydį, dokumentus)"]
[]
[]
["Tiekėjo arba jo įgalioto asmens pareigų pavadinimas:"]
[]
[]
["Pasirašančio asmens vardas ir pavardė:"]
[]
[]
[]
[]
[]
[]
[]
[]
[]
[]
[]
[]
[]
[]
[]
[]
[]
[]
[]
[]
[]
[]
[]
[]
[]
[]
[]
[]
[]
[]
[]
[]
[]
[]
[]
[]
[]
[]
[]
[]
[]
[]
[]
[]
[]
[]
[]
[]
[]
[]
[]
[]
[]
[]
[]
[]
[]
[]
[]
[]
[]
[]
[]
[]
[]
[]
[]
["3878-2 2020-07-02 11:42:15"]